Vista normal
Vista MARC
Entrada Materia (tema)
Número de registros utilizados en: 1
001 - CONTROL NUMBER
- control field: 44714
003 - CONTROL NUMBER IDENTIFIER
- control field: Co-BoUCM
005 - DATE AND TIME OF LATEST TRANSACTION
- control field: 20130910094206.0
008 - FIXED-LENGTH DATA ELEMENTS
- fixed length control field: 130910|| aca||aabn | a|a d
040 ## - CATALOGING SOURCE
- Original cataloging agency: Co-BoUCM
- Transcribing agency: Co-BoUCM
150 ## - HEADING--TOPICAL TERM
- Topical term or geographic name as entry element: Guerra mundial II, 1939-1945
- General subdivision: Campañas
- Geographic subdivision: Unión Soviética
670 ## - SOURCE DATA FOUND
- Source citation: Work cat.: (Co-BoUCM)180454: Kucherenko, Olga 32524, Little soldiers: how soviet children went to war, 2011